|
|
|
|
| LEADER |
01232nam a2200289 a 4500 |
| 001 |
12598433 |
| 008 |
100703r20102002njua b 001 0 eng d |
| 010 |
|
|
|a 2001056583
|
| 020 |
|
|
|a 9788120323100
|
| 020 |
|
|
|a 0130313998 (v. 1)
|
| 040 |
|
|
|a DLC
|c DLC
|d DLC
|d BD-DhAAL
|
| 082 |
0 |
0 |
|a 006.7
|2 21
|
| 100 |
1 |
|
|a Steinmetz, Ralf.
|
| 245 |
1 |
0 |
|a Multimedia fundamentals /
|c Ralf Steinmetz, Klara Nahrstedt.
|
| 260 |
|
|
|a Upper Saddle River, NJ :
|b Prentice Hall PTR ;
|n ew Delhi :
|b PHI learning Private Limited,
|c 2002 [Reprinted 2010]
|
| 300 |
|
|
|a xv,274 p.:
|b ill. ;
|c 24 cm.
|
| 362 |
0 |
|
|a Vol.1
|
| 490 |
0 |
|
|a IMSC Press Multimedia Series.
|
| 504 |
|
|
|a Includes bibliographical references (p.235-255) and index.
|
| 505 |
1 |
|
|a v. 1. Media coding and content processing.
|
| 541 |
1 |
|
|e 00020551
|
| 650 |
|
0 |
|a Multimedia systems.
|
| 700 |
1 |
|
|a Nahrstedt, Klara.
|
| 852 |
4 |
|
|a Ayesha Abed Library
|j General shelf
|
| 999 |
|
|
|c 9155
|d 9155
|
| 952 |
|
|
|0 0
|1 0
|2 ddc
|4 0
|6 006_700000000000000_STE_2010
|7 0
|9 11448
|a BRACUL
|b BRACUL
|c GEN
|d 2010-07-03
|l 0
|o 006.7 STE
|p 3010020551
|r 2010-07-03
|t 1
|w 2010-07-03
|y BK
|
| 952 |
|
|
|0 0
|1 0
|2 ddc
|4 0
|6 006_700000000000000_STE_2010
|7 0
|9 11459
|a BRACUL
|b BRACUL
|c GEN
|d 2010-07-03
|l 0
|o 006.7 STE
|p 3010020552
|r 2010-07-03
|t 2
|w 2010-07-03
|y BK
|